| 000 | 01185nam a2200253 i 4500 | ||
|---|---|---|---|
| 001 | 156682 | ||
| 003 | ES-MaACL | ||
| 005 | 20250801090710.0 | ||
| 008 | 011011s1897 gw |||| | ger d | ||
| 040 |
_aCAM _bspa _cCAM |
||
| 100 | 1 |
_aKrumbacher, Karl. _9128494 |
|
| 245 | 1 | 0 |
_aGeschichte der byzantinischen litteratur von Justinian bis zum ende des Oströmischen reiches (527-1453) / _cvon Karl Krumbacher. |
| 250 |
_a2. Aufl. _bbearbeitet unter mitwirkung von A. Ehrhard, H. Gelzer. |
||
| 260 |
_aMünchen : _bC.H. Beck'sche verlagsbuchhandlung, _c1897. |
||
| 300 |
_aXX, 1193 p. ; _c25 cm. |
||
| 490 | 1 |
_aHandbuch der klassischen Altertums-Wissenschaft in systemasticher darstellung / herausgegeben von Iwan von Müller ; _v1 |
|
| 650 | 0 | 7 |
_aLiteratura bizantina _2embne _9161407 |
| 700 | 1 |
_aEhrhard, A. _9126919 |
|
| 700 | 1 |
_aMüller, Iwan von. _9130367 |
|
| 700 | 1 |
_aGelzer, H. _9127279 |
|
| 830 | 0 |
_aHandbuch der klassischen Altertums-Wissenschaft in systemasticher darstellung / herausgegeben von Iwan von Müller ; _v1 _9221707 |
|
| 852 |
_aES-MaACL _jF-15210 _z- enc. piel _x- Ed.: Es el t. IX de la serie (Neunter Band, 1. Abteilung) |
||
| 999 |
_c156682 _d156682 |
||